000 01420aam a2200349 i 4500
630 0 _aSociología
_92570
999 _c45603
_d45603
001 768714001
003 CO-MdFUSB
005 20220623062548.0
007 ta
008 200511t1986 enka|||| |||| 00| 0 eng d
020 _a028104225X
040 _bspa.
_aCO-MdFUSB
_cCO-MdFUSB
_dCO-MdFUSBC
_erda
041 _aeng
082 _223
_a261.85
_bS885
100 1 _aStorkey, Alan
_eautor
245 1 0 _aTransforming economics :
_ba christian way to employment
_c/ Alan Storkey
264 1 _aLondres :
_bSPCK,
_c[1986]
264 4 _c© 1986
300 _axi, 212 páginas
_c; 22 cm
336 _atexto
_btxt
_2rdacontent
337 _2rdamedia
_asin mediación
_bn
338 _2rdacarrier
_avolumen
_bnc
490 _aThird way books.
505 _aTransformación de la economía: Un camino cristiano al empleo - ¿Es inevitable el desempleo? - Monetarismo y el modelo naturalista - El volante keynesiano - Las alternativas marxistas y socialistas - Un paradigma cristiano - Imperios financieros - Ganancias y pérdidas - La importancia económica de la familia - Beneficios sociales - La comunidad europea y retiro del mundo - Políticas para el empleo - Desempleo: Un asunto de fe
563 _aRústico
650 0 _91199
_aCristianismo y economía
650 0 _91177
_aIglesia y problemas sociales
942 _cBK
945 _aJTF-925
_bAEM-53